[Event "21st Sants Open 2019"]
[Site "Cotxeres de Sants"]
[Date "2019.08.26"]
[Round "4.18"]
[White "Perla, Ilan"]
[Black "Vadillo, Torre Ismael"]
[Result "0-1"]
[WhiteElo "1551"]
[BlackElo "1616"]
[Annotator "NA"]
[PlyCount "92"]
[EventDate "2019.08.22"]
[EventType "swiss"]
[EventCountry "ESP"]
[SourceTitle "playchess.com"]
[Source "ChessBase"]
[SourceQuality "1"]
[TimeControl "40/5400+30:1800+30"]

1. e4 {[%emt 0:00:00]} e5 {[%emt 0:00:00]} 2. Nc3 {[%emt 0:00:00]} Nc6 {[%emt 0:00:56]} 3. Bc4 {[%emt 0:00:11]} Nf6 {[%emt 0:01:19]} 4. d3 {[%emt 0:01:48]} Be7 {[%emt 0:04:45]} 5. Nge2 {[%emt 0:07:38]} d6 {[%emt 0:02:23]} 6. O-O {[%emt 0:07:22]} Na5 {[%emt 0:05:47]} 7. Bd5 {[%emt 0:04:49]} O-O {[%emt 0:12:36]} 8. a4 {[%emt 0:03:21]} Nxd5 {[%emt 0:01:04]} 9. Nxd5 {[%emt 0:00:28]} f5 {[%emt 0:04:59]} 10. b4 {[%emt 0:11:16]} Nc6 {[%emt 0:00:48]} 11. b5 {[%emt 0:05:33]} Nb8 {[%emt 0:04:32]} 12. exf5 {[%emt 0:19:24]} Bxf5 {[%emt 0:00:58]} 13. Ng3 {[%emt 0:00:42]} Be6 {[%emt 0:07:40]} 14. Nxe7+ {[%emt 0:00:39]} Qxe7 {[%emt 0:00:16]} 15. d4 {[%emt 0:03:25]} Bc4 {[%emt 0:09:45]} 16. Re1 {[%emt 0:03:23]} Qf7 {[%emt 0:01:06]} 17. Be3 {[%emt 0:01:29]} Nd7 {[%emt 0:01:10]} 18. Ne4 {[%emt 0:06:13]} Qg6 {[%emt 0:06:15]} 19. Nd2 {[%emt 0:04:19]} Bd5 {[%emt 0:02:45]} 20. f3 {[%emt 0:00:11]} Be6 {[%emt 0:04:31]} 21. c4 {[%emt 0:05:04]} exd4 {[%emt 0:12:57]} 22. Bxd4 {[%emt 0:00:58]} Rf4 {[%emt 0:01:31]} 23. Re4 {[%emt 0:09:30]} Rxe4 {[%emt 0:02:09]} 24. fxe4 {[%emt 0:00:59]} Bh3 {[%emt 0:02:26]} 25. Qf3 {[%emt 0:00:46]} Be6 {[%emt 0:01:06]} 26. Rf1 {[%emt 0:01:34]} Rf8 {[%emt 0:02:34]} 27. Qe2 {[%emt 0:01:00]} Rxf1+ {[%emt 0:00:53]} 28. Nxf1 {[%emt 0:00:46]} Qf7 {[%emt 0:00:52]} 29. Nd2 {[%emt 0:00:17]} b6 {[%emt 0:01:21]} 30. Qd3 {[%emt 0:01:10]} Qh5 {[%emt 0:01:25]} 31. Nf3 {[%emt 0:00:39]} Qf7 {[%emt 0:00:37]} 32. Nd2 {[%emt 0:00:09]} Qf4 {[%emt 0:01:20]} 33. Be3 {[%emt 0:00:54]} Qf6 {[%emt 0:00:34]} 34. Bd4 {[%emt 0:00:17]} Qf7 {[%emt 0:01:02]} 35. Qe2 {[%emt 0:00:11]} Qf4 {[%emt 0:00:36]} 36. Be3 {[%emt 0:00:12]} Qe5 {[%emt 0:00:19]} 37. Qf3 {[%emt 0:01:22]} Qa1+ {[%emt 0:00:40]} 38. Qf1 {[%emt 0:00:28]} Qxf1+ {[%emt 0:00:40]} 39. Kxf1 {[%emt 0:00:09]} Ne5 {[%emt 0:00:20]} 40. Bd4 {[%emt 0:00:00]} Nxc4 {[%emt 0:00:00]} 41. Nb1 {[%emt 0:05:15]} Kf7 {[%emt 0:03:51]} 42. Ke2 {[%emt 0:02:26]} g6 {[%emt 0:02:26]} 43. Kd3 {[%emt 0:02:16]} Na5 {[%emt 0:00:24]} 44. Kc3 {[%emt 0:06:27]} Bb3 {[%emt 0:09:51]} 45. Kb4 {[%emt 0:03:44]} Be6 {[%emt 0:02:14]} 46. Nc3 {[%emt 0:01:18]} c5+ {[%emt 0:02:25]} 0-1

[Event "21st Sants Open 2019"]
[Site "Cotxeres de Sants"]
[Date "2019.08.26"]
[Round "4.19"]
[White "Paton Alvarez, Ivan"]
[Black "Moya Sarda, Amadeu"]
[Result "1-0"]
[WhiteElo "1544"]
[BlackElo "1607"]
[Annotator "NA"]
[PlyCount "47"]
[EventDate "2019.08.22"]
[EventType "swiss"]
[EventCountry "ESP"]
[SourceTitle "playchess.com"]
[Source "ChessBase"]
[SourceQuality "1"]
[TimeControl "40/5400+30:1800+30"]

1. e4 {[%emt 0:00:00]} c5 {[%emt 0:00:00]} 2. Nf3 {[%emt 0:00:00]} d6 {[%emt 0:00:05]} 3. d4 {[%emt 0:00:00]} cxd4 {[%emt 0:00:15]} 4. Nxd4 {[%emt 0:00:00]} Nf6 {[%emt 0:00:11]} 5. Nc3 {[%emt 0:00:01]} a6 {[%emt 0:00:15]} 6. h3 {[%emt 0:00:16]} e5 {[%emt 0:02:10]} 7. Nb3 {[%emt 0:04:24]} Be6 {[%emt 0:02:02]} 8. Bg5 {[%emt 0:02:24]} Be7 {[%emt 0:01:25]} 9. Bxf6 {[%emt 0:00:17]} Bxf6 {[%emt 0:00:50]} 10. Be2 {[%emt 0:04:43]} O-O {[%emt 0:04:57]} 11. Nd5 {[%emt 0:02:31]} Bg5 {[%emt 0:04:29]} 12. O-O {[%emt 0:01:27]} f5 {[%emt 0:06:38]} 13. exf5 {[%emt 0:02:10]} Bxf5 {[%emt 0:00:58]} 14. f4 {[%emt 0:10:49]} exf4 {[%emt 0:05:58]} 15. Nxf4 {[%emt 0:01:54]} Qb6+ {[%emt 0:25:32]} 16. Kh1 {[%emt 0:03:47]} Be4 {[%emt 0:04:21]} 17. Bc4+ {[%emt 0:01:51]} Kh8 {[%emt 0:00:52]} 18. Ng6+ {[%emt 0:00:35]} hxg6 {[%emt 0:00:53]} 19. Rxf8+ {[%emt 0:00:07]} Kh7 {[%emt 0:00:56]} 20. Bg8+ {[%emt 0:01:41]} Kh6 {[%emt 0:01:27]} 21. Bd5 {[%emt 0:01:18]} Bxg2+ {[%emt 0:08:39]} 22. Bxg2 {[%emt 0:00:09]} Kh7 {[%emt 0:03:24]} 23. Qd5 {[%emt 0:01:53]} Bf6 {[%emt 0:02:21]} 24. Be4 {[%emt 0:00:41]} 1-0

[Event "21st Sants Open 2019"]
[Site "Cotxeres de Sants"]
[Date "2019.08.27"]
[Round "5.1"]
[White "Valenzuela Gomez, Fernando"]
[Black "Puranik, Abhimanyu"]
[Result "0-1"]
[WhiteElo "2388"]
[BlackElo "2550"]
[Annotator "ChessBase"]
[PlyCount "94"]
[EventDate "2019.08.22"]
[EventType "swiss"]
[EventCountry "ESP"]
[SourceTitle "playchess.com"]
[Source "ChessBase"]
[SourceQuality "1"]
[TimeControl "40/5400+30:1800+30"]

1. d4 {[%emt 0:09:26]} Nf6 {[%emt 0:00:00]} 2. c4 {[%emt 0:00:04]} g6 {[%emt 0:00:00]} 3. h4 {[%emt 0:00:02]} c6 {[%emt 0:00:30]} 4. Nc3 {[%emt 0:00:15]} d5 {[%emt 0:00:04]} 5. cxd5 {[%emt 0:00:04]} cxd5 {[%emt 0:00:10]} 6. Bf4 {[%emt 0:00:11]} Nc6 {[%emt 0:03:23]} 7. e3 {[%emt 0:00:22]} Bg7 {[%emt 0:02:02]} 8. Be2 {[%emt 0:00:05]} Ne4 {[%emt 0:06:10]} 9. h5 {[%emt 0:01:17]} g5 {[%emt 0:07:57]} 10. h6 {[%emt 0:09:45]} Bf8 {[%emt 0:12:44]} 11. Bh2 {[%emt 0:09:56]} e6 {[%emt 0:14:40]} 12. Nf3 {[%emt 0:16:50]} g4 {[%emt 0:03:15]} 13. Ne5 {[%emt 0:02:38]} g3 {[%emt 0:02:23]} 14. Bxg3 {[%emt 0:14:58]} Nxg3 {[%emt 0:01:07]} 15. fxg3 {[%emt 0:02:24]} Nxe5 {[%emt 0:01:59]} 16. dxe5 {[%emt 0:00:08]} Bd7 {[%emt 0:01:37]} 17. Bh5 {[%emt 0:03:35]} Qg5 {[%emt 0:03:04]} 18. O-O {[%emt 0:06:22]} Bc5 {[%emt 0:05:03]} 19. Bxf7+ {[%emt 0:02:37]} Ke7 {[%emt 0:01:40]} 20. Qh5 {[%emt 0:06:21]} Bxe3+ {[%emt 0:00:47]} 21. Kh2 {[%emt 0:00:18]} Qxh6 {[%emt 0:04:37]} 22. Rae1 {[%emt 0:01:24]} Raf8 {[%emt 0:05:34]} 23. Ne2 {[%emt 0:01:07]} Qxh5+ {[%emt 0:02:32]} 24. Bxh5 {[%emt 0:00:07]} Rxf1 {[%emt 0:03:39]} 25. Rxf1 {[%emt 0:00:03]} Rf8 {[%emt 0:00:42]} 26. Rxf8 {[%emt 0:03:46]} Kxf8 {[%emt 0:00:10]} 27. Kh3 {[%emt 0:02:35]} Ke7 {[%emt 0:03:40]} 28. Kg4 {[%emt 0:02:10]} Bb5 {[%emt 0:00:54]} 29. Nc3 {[%emt 0:00:04]} Bc6 {[%emt 0:00:37]} 30. Nd1 {[%emt 0:01:09]} Bh6 {[%emt 0:02:21]} 31. Kf3 {[%emt 0:00:34]} d4+ {[%emt 0:02:09]} 32. Ke2 {[%emt 0:00:07]} Bg7 {[%emt 0:00:54]} 33. Bf3 {[%emt 0:01:21]} Bb5+ {[%emt 0:00:27]} 34. Kd2 {[%emt 0:01:13]} Bxe5 {[%emt 0:01:00]} 35. Bxb7 {[%emt 0:00:44]} Bxg3 {[%emt 0:00:10]} 36. b3 {[%emt 0:01:07]} Kd6 {[%emt 0:00:43]} 37. Nb2 {[%emt 0:01:00]} Bf4+ {[%emt 0:03:54]} 38. Kc2 {[%emt 0:00:05]} Bc6 {[%emt 0:03:24]} 39. Bxc6 {[%emt 0:01:31]} Kxc6 {[%emt 0:00:03]} 40. Kd3 {[%emt 0:00:00]} Kd5 {[%emt 0:00:00]} 41. Nd1 {[%emt 0:06:34]} Bg3 {[%emt 0:00:39]} 42. Ke2 {[%emt 0:00:14]} e5 {[%emt 0:00:16]} 43. Kf3 {[%emt 0:00:24]} Be1 {[%emt 0:00:36]} 44. Nf2 {[%emt 0:03:10]} Bxf2 {[%emt 0:00:06]} 45. Kxf2 {[%emt 0:00:04]} e4 {[%emt 0:00:33]} 46. a3 {[%emt 0:00:18]} d3 {[%emt 0:00:15]} 47. Ke3 {[%emt 0:00:16]} Ke5 {Kd4+} 0-1

[Event "21st Sants Open 2019"]
[Site "Cotxeres de Sants"]
[Date "2019.08.27"]
[Round "5.2"]
[White "Krysa, Leandro"]
[Black "Neef, Maximilian"]
[Result "1/2-1/2"]
[WhiteElo "2516"]
[BlackElo "2481"]
[Annotator "TA"]
[PlyCount "89"]
[EventDate "2019.08.22"]
[EventType "swiss"]
[EventCountry "ESP"]
[SourceTitle "playchess.com"]
[Source "ChessBase"]
[SourceQuality "1"]

{[%evp 16,89,32,37,34,27,42,33,37,29,42,52,40,54,50,43,60,18,31,19,78,86,92,68,71,73,72,61,89,89,133,141,142,102,118,120,125,139,234,131,129,132,131,91,89,81,94,93,129,94,94,75,94,86,87,0,87,0,0,0,18,14,14,0,0,0,0,0,0,0,0,0,0,0,0,0]} 1. d4 Nf6 2. c4 g6 3. g3 Bg7 4. Bg2 O-O 5. Nf3 d6 6. O-O Nc6 7. Nc3 a6 8. b3 Rb8 9. d5 Na5 {E63: King's Indian: Fianchetto: Panno Variation with 7...a6} 10. Bg5 (10. Bd2 c5 11. dxc6 Nxc6 12. Qc1 Bd7 13. Bh6 b5 14. Bxg7 Kxg7 15. cxb5 axb5 16. Qb2 Kg8 17. b4 Qb6 18. Rfd1 Rfc8 {½-½ (77) Inarkiev,E (2689)-Zhao,J (2604) Riadh 2017}) 10... h6 11. Bd2 c5 {White is slightly better.} 12. dxc6 Nxc6 13. Rc1 Be6 14. Ne1 Ne5 15. Nd5 Nxd5 $146 ({Predecessor:} 15... Kh7 16. e4 Nxd5 17. cxd5 {½-½ (48) Kozusek,D (2350)-Rasik,V (2463) Prague 2019}) 16. cxd5 Bd7 17. h3 {Strongly threatening f4.} f5 (17... g5 $11 {remains equal.}) 18. f4 $16 Nf7 19. Rf3 Rc8 20. Bc3 Qb6+ 21. Kh2 g5 22. Qd2 Rfe8 23. Bxg7 Kxg7 24. Rfc3 gxf4 25. gxf4 Kh7 26. Nf3 Nh8 {[#]} (26... Rxc3 $16 27. Rxc3 Qf2) 27. Rxc8 (27. e4 $1 $18) 27... Rxc8 28. Rxc8 Bxc8 29. Nd4 Ng6 30. e3 Nh4 {[#]} 31. Bh1 $1 Bd7 32. Kg3 Ng6 33. Bf3 Qd8 34. Kh2 Nh4 35. Bh1 ({White should try} 35. Bd1 $16) 35... Qc8 (35... Qb6 $1 $11) 36. Qc2 (36. Qe1 $16 Ng6 37. h4) 36... Qxc2+ $11 {The position is equal.} 37. Nxc2 {[%mdl 4096] Endgame KBN-KBN} Kg7 38. Kg3 Ng6 39. Nd4 Nf8 40. Bf3 Nh7 41. Ne2 Nf6 42. Nc3 Be8 43. Kf2 Bh5 44. Bg2 a5 45. Ke1 {Accuracy: White = 62%, Black = 58%.} 1/2-1/2

[Event "21st Sants Open 2019"]
[Site "Cotxeres de Sants"]
[Date "2019.08.27"]
[Round "5.3"]
[White "Arjun Kalyan"]
[Black "Gines Esteo, Pedro Antonio"]
[Result "1-0"]
[WhiteElo "2482"]
[BlackElo "2417"]
[Annotator "ChessBase"]
[PlyCount "79"]
[EventDate "2019.08.22"]
[EventType "swiss"]
[EventCountry "ESP"]
[SourceTitle "playchess.com"]
[Source "ChessBase"]
[SourceQuality "1"]
[TimeControl "40/5400+30:1800+30"]

1. e4 {[%emt 0:00:00]} c6 {[%emt 0:00:00]} 2. d4 {[%emt 0:00:00]} d5 {[%emt 0:00:02]} 3. e5 {[%emt 0:00:00]} Bf5 {[%emt 0:00:06]} 4. h4 {[%emt 0:00:00]} h5 {[%emt 0:00:28]} 5. Bd3 {[%emt 0:00:13]} Bxd3 {[%emt 0:00:05]} 6. Qxd3 {[%emt 0:00:09]} e6 {[%emt 0:00:02]} 7. Bg5 {[%emt 0:00:35]} Be7 {[%emt 0:00:18]} 8. Nf3 {[%emt 0:00:45]} Nh6 {[%emt 0:00:05]} 9. Bxh6 {[%emt 0:00:24]} Rxh6 {[%emt 0:00:06]} 10. c4 {[%emt 0:00:22]} dxc4 {[%emt 0:23:29]} 11. Qxc4 {[%emt 0:00:11]} Nd7 {[%emt 0:00:02]} 12. Nc3 {[%emt 0:05:06]} Nb6 {[%emt 0:00:05]} 13. Qb3 {[%emt 0:02:56]} Rg6 {[%emt 0:03:11]} 14. g3 {[%emt 0:01:27]} Rg4 {[%emt 0:03:47]} 15. O-O-O {[%emt 0:12:31]} a5 {[%emt 0:00:39]} 16. Qc2 {[%emt 0:11:43]} a4 {[%emt 0:18:52]} 17. Qh7 {[%emt 0:06:54]} Nd5 {[%emt 0:11:12]} 18. Qg8+ {[%emt 0:19:57]} Bf8 {[%emt 0:09:51]} 19. Ne4 {[%emt 0:01:11]} Rxe4 {[%emt 0:07:48]} 20. Ng5 {[%emt 0:00:05]} Qxg5+ {[%emt 0:04:13]} 21. hxg5 {[%emt 0:00:19]} g6 {[%emt 0:04:01]} 22. Rxh5 {[%emt 0:04:35]} Ne7 {[%emt 0:04:21]} 23. Qh7 {[%emt 0:00:36]} a3 {[%emt 0:00:01]} 24. Rh4 {[%emt 0:05:38]} axb2+ {[%emt 0:00:06]} 25. Kb1 {[%emt 0:00:37]} Re2 {[%emt 0:01:41]} 26. Rf4 {[%emt 0:00:25]} O-O-O {[%emt 0:01:39]} 27. Qxf7 {[%emt 0:02:34]} Nd5 {[%emt 0:00:00]} 28. Rf3 {[%emt 0:00:54]} c5 {[%emt 0:01:15]} 29. Rb3 {[%emt 0:01:16]} b6 {[%emt 0:02:30]} 30. Qf3 {[%emt 0:01:50]} c4 {[%emt 0:00:17]} 31. Qxe2 {[%emt 0:00:35]} cxb3 {[%emt 0:00:01]} 32. Qxb2 {[%emt 0:01:04]} bxa2+ {[%emt 0:00:43]} 33. Kxa2 {[%emt 0:00:11]} Kb7 {[%emt 0:00:18]} 34. Kb3 {[%emt 0:00:27]} Bb4 {[%emt 0:01:26]} 35. Rc1 {[%emt 0:00:55]} Rf8 {[%emt 0:01:27]} 36. f4 {[%emt 0:00:15]} Rh8 {[%emt 0:00:02]} 37. Qc2 {[%emt 0:00:20]} Rh3 {[%emt 0:00:02]} 38. Qc8+ {[%emt 0:00:16]} Ka7 {[%emt 0:00:01]} 39. Rc7+ {[%emt 0:00:10]} Nxc7 {[%emt 0:00:02]} 40. Qxc7+ {[%emt 0:00:00]} 1-0

[Event "21st Sants Open 2019"]
[Site "Cotxeres de Sants"]
[Date "2019.08.27"]
[Round "5.4"]
[White "Mascaro March, Pedro"]
[Black "Vaibhav, Suri"]
[Result "0-1"]
[WhiteElo "2376"]
[BlackElo "2591"]
[Annotator "ChessBase"]
[PlyCount "88"]
[EventDate "2019.08.22"]
[EventType "swiss"]
[EventCountry "ESP"]
[SourceTitle "playchess.com"]
[Source "ChessBase"]
[SourceQuality "1"]
[TimeControl "40/5400+30:1800+30"]

1. d4 {[%emt 0:04:47]} d5 {[%emt 0:00:07]} 2. c4 {[%emt 0:00:36]} e6 {[%emt 0:00:08]} 3. Nf3 {[%emt 0:00:07]} Nf6 {[%emt 0:00:15]} 4. Nc3 {[%emt 0:01:42]} Bb4 {[%emt 0:00:24]} 5. Qa4+ {[%emt 0:01:30]} Nc6 {[%emt 0:00:07]} 6. e3 {[%emt 0:01:37]} O-O {[%emt 0:00:12]} 7. Bd2 {[%emt 0:00:24]} Re8 {[%emt 0:04:28]} 8. Be2 {[%emt 0:01:38]} a6 {[%emt 0:08:36]} 9. O-O {[%emt 0:01:59]} dxc4 {[%emt 0:10:24]} 10. Bxc4 {[%emt 0:02:01]} Bd6 {[%emt 0:00:41]} 11. a3 {[%emt 0:07:38]} h6 {[%emt 0:02:44]} 12. b4 {[%emt 0:29:44]} e5 {[%emt 0:22:12]} 13. Qb3 {[%emt 0:02:28]} Qe7 {[%emt 0:08:59]} 14. h3 {[%emt 0:16:22]} e4 {[%emt 0:05:01]} 15. Nh2 {[%emt 0:02:30]} b5 {[%emt 0:04:24]} 16. Be2 {[%emt 0:03:22]} Bf5 {[%emt 0:00:30]} 17. f4 {[%emt 0:02:32]} exf3 {[%emt 0:03:58]} 18. Bxf3 {[%emt 0:01:13]} Bxh2+ {[%emt 0:01:43]} 19. Kxh2 {[%emt 0:00:07]} Bd3 {[%emt 0:01:34]} 20. Rfe1 {[%emt 0:09:11]} Qd6+ {[%emt 0:02:44]} 21. Kh1 {[%emt 0:00:50]} Rad8 {[%emt 0:06:39]} 22. Nd5 {[%emt 0:01:35]} Ne4 {[%emt 0:01:03]} 23. Nf4 {[%emt 0:02:13]} Nxd4 {[%emt 0:02:35]} 24. exd4 {[%emt 0:00:23]} Nxd2 {[%emt 0:00:05]} 25. Qxd3 {[%emt 0:02:44]} Qxf4 {[%emt 0:00:18]} 26. Bc6 {[%emt 0:00:32]} Re6 {[%emt 0:02:17]} 27. Rxe6 {[%emt 0:01:44]} fxe6 {[%emt 0:00:01]} 28. Qe2 {[%emt 0:00:12]} Rd6 {[%emt 0:01:24]} 29. Bb7 {[%emt 0:00:09]} Qxd4 {[%emt 0:02:23]} 30. Rd1 {[%emt 0:00:05]} Ne4 {[%emt 0:06:13]} 31. Rxd4 {[%emt 0:00:14]} Ng3+ {[%emt 0:00:01]} 32. Kh2 {[%emt 0:00:09]} Nxe2 {[%emt 0:00:00]} 33. Rxd6 {[%emt 0:00:28]} cxd6 {[%emt 0:00:01]} 34. Bxa6 {[%emt 0:00:08]} Nc3 {[%emt 0:00:17]} 35. Kg3 {[%emt 0:01:50]} Kf7 {[%emt 0:00:50]} 36. Kf3 {[%emt 0:01:23]} e5 {[%emt 0:00:47]} 37. Ke3 {[%emt 0:00:05]} d5 {[%emt 0:00:28]} 38. Kd3 {[%emt 0:00:21]} d4 {[%emt 0:00:06]} 39. Bb7 {[%emt 0:02:00]} Nb1 {[%emt 0:01:30]} 40. a4 {[%emt 0:00:00]} bxa4 {[%emt 0:00:00]} 41. b5 {[%emt 0:00:35]} Ke7 {[%emt 0:01:16]} 42. b6 {[%emt 0:00:18]} Kd6 {[%emt 0:00:48]} 43. Bd5 {[%emt 0:00:44]} Nc3 {[%emt 0:00:37]} 44. b7 {[%emt 0:00:15]} Kc7 0-1

[Event "21st Sants Open 2019"]
[Site "Cotxeres de Sants"]
[Date "2019.08.27"]
[Round "5.5"]
[White "Idani, Pouya"]
[Black "Avila Pavas, Santiago"]
[Result "1-0"]
[WhiteElo "2581"]
[BlackElo "2411"]
[Annotator "ChessBase"]
[PlyCount "115"]
[EventDate "2019.08.22"]
[EventType "swiss"]
[EventCountry "ESP"]
[SourceTitle "playchess.com"]
[Source "ChessBase"]
[SourceQuality "1"]
[TimeControl "40/5400+30:1800+30"]

1. e4 c5 2. Nf3 g6 3. c4 Bg7 4. d4 cxd4 5. Nxd4 Nc6 6. Be3 Nf6 7. Nc3 Ng4 8. Qxg4 Nxd4 9. Qd1 e5 10. Be2 d6 11. O-O O-O 12. Nb5 Nxb5 13. cxb5 Be6 14. Qa4 Qe7 15. Rfd1 Rfd8 16. Bc4 a6 17. Bd5 Qd7 18. Qa5 axb5 19. Qb6 Bxd5 20. Rxd5 Qc6 21. Qxb5 Qxb5 22. Rxb5 Rd7 23. a4 f5 24. f3 Rc8 25. Rc1 Rxc1+ 26. Bxc1 Rc7 27. Bd2 Kf7 28. Kf1 Ke6 29. Ke2 Bf6 30. Kd3 h5 31. a5 Bd8 32. Be3 Be7 33. b4 Kd7 34. Rd5 Rc8 35. b5 Ra8 36. Bd2 fxe4+ 37. fxe4 Bd8 38. Bb4 Bxa5 39. Rxd6+ Kc7 40. Bc5 b6 41. Rc6+ Kd7 42. Bxb6 Bxb6 43. Rxb6 g5 44. Ra6 Rf8 45. Rg6 g4 46. Rg5 Kd6 47. Rxh5 Rf2 48. g3 Ra2 49. b6 Rb2 50. Kc4 Rc2+ 51. Kb5 Re2 52. Rh7 Rb2+ 53. Ka6 Kc5 54. Rh6 Rb4 55. Kb7 Kb5 56. Rd6 Rxe4 57. Rd5+ Kc4 58. Kc6 1-0

[Event "21st Sants Open 2019"]
[Site "Cotxeres de Sants"]
[Date "2019.08.27"]
[Round "5.6"]
[White "Henriquez Villagra, Cristobal"]
[Black "Valdes Romero, Leonardo"]
[Result "1-0"]
[WhiteElo "2562"]
[BlackElo "2397"]
[Annotator "TA"]
[PlyCount "87"]
[EventDate "2019.08.22"]
[EventType "swiss"]
[EventCountry "ESP"]
[SourceTitle "playchess.com"]
[Source "ChessBase"]
[SourceQuality "1"]

{[%evp 16,87,41,0,27,6,13,-19,0,0,0,0,6,-9,0,0,0,0,36,27,82,48,71,39,49,23,10,11,102,13,13,6,14,7,65,19,56,63,46,-20,56,66,101,98,107,102,160,146,147,171,150,156,205,139,137,122,259,126,376,374,391,389,389,383,479,477,521,516,574,576,572,560,554,551]} 1. d4 Nf6 2. c4 g6 3. Nc3 Bg7 4. e4 d6 5. h3 O-O 6. Be3 e5 7. d5 Na6 8. Qc2 Nh5 9. Qd1 Qe8 {E90: King's Indian: Classical: Early deviations and 6 h3} 10. Be2 f5 11. Bf3 (11. exf5 Nf4 12. Bxf4 exf4 13. fxg6 Qxg6 14. Bg4 Bxg4 15. hxg4 Bxc3+ 16. bxc3 Qe4+ 17. Qe2 {½-½ (31) Vescovi,G (2660)-Kotronias,V (2599) Bursa 2010}) 11... Bd7 {The position is equal.} 12. exf5 Nf4 13. f6 Rxf6 14. g3 Rf8 15. Be4 Bf5 16. Kf1 $146 {[%mdl 2048] Hoping for Bxf5. White has the initiative.} ({Predecessor:} 16. Rh2 Nb4 17. f3 Nh5 18. a3 Na6 19. g4 Bxe4 20. Nxe4 Nf6 21. Qd3 Qa4 22. b3 Qd7 23. Ne2 Nxe4 24. Qxe4 b6 25. c5 {0-1 (23) Andonov,B (2310)-Korobov,A (2558) Sautron 2003}) 16... Nh5 {And now ...Nxg3+! would win.} 17. Nf3 h6 (17... Nf6 $11 {remains equal.} 18. Bxf5 gxf5) 18. Kg2 Nf6 19. Bb1 c6 20. Qd2 Bxb1 21. Raxb1 Qf7 (21... cxd5 $11 22. Nxd5 Qf7) 22. Nh2 (22. dxc6 $1 $16 bxc6 23. Qxd6) 22... cxd5 $11 23. cxd5 h5 24. Rbd1 Rac8 (24... Nc7 $11) 25. Rhe1 Nc5 26. Bxc5 $1 Rxc5 27. Re2 (27. Nf3 $14) 27... a6 (27... b5 $11) 28. Nf3 $1 $14 Qd7 29. Qd3 Qf5 {[#]} 30. Qe3 $1 Qd7 {[#]} ({Black should try} 30... Rc4) 31. Nxe5 $1 $16 {[%mdl 576] Double Attack} Qe8 {[#]} (31... dxe5 32. Qxc5) 32. Nf3 $1 Qxe3 33. Rxe3 ({Don't take} 33. fxe3 $6 Re8 $14) 33... b5 34. a3 Re8 35. Re6 a5 (35... Rxe6 $16 36. dxe6 Ne8) 36. Ng5 (36. Rxd6 $18 {is the precise move to win. aiming for Rb6.} b4 37. axb4 axb4 38. Na4) 36... Rf8 $2 (36... b4 $16) 37. Rxd6 $18 b4 38. axb4 axb4 39. Nce4 Nxe4 40. Nxe4 {White is clearly winning.} Rc4 41. Re6 Bxb2 42. d6 Rc6 43. Rxg6+ Kf7 44. Rg5 {Accuracy: White = 51%, Black = 24%.} 1-0

[Event "21st Sants Open 2019"]
[Site "Cotxeres de Sants"]
[Date "2019.08.27"]
[Round "5.7"]
[White "Antal, Gergely"]
[Black "Domingo Nunez, Alejandro"]
[Result "1-0"]
[WhiteElo "2549"]
[BlackElo "2392"]
[Annotator "ChessBase"]
[PlyCount "59"]
[EventDate "2019.08.22"]
[EventType "swiss"]
[EventCountry "ESP"]
[SourceTitle "playchess.com"]
[Source "ChessBase"]
[SourceQuality "1"]
[TimeControl "40/5400+30:1800+30"]

1. e4 {[%emt 0:04:16]} c5 {[%emt 0:00:00]} 2. Nf3 {[%emt 0:00:06]} e6 {[%emt 0:00:00]} 3. d4 {[%emt 0:00:06]} cxd4 {[%emt 0:00:00]} 4. Nxd4 {[%emt 0:00:03]} Nc6 {[%emt 0:00:02]} 5. Nc3 {[%emt 0:00:04]} Qc7 {[%emt 0:00:04]} 6. Be3 {[%emt 0:00:21]} a6 {[%emt 0:00:05]} 7. a3 {[%emt 0:00:07]} Be7 {[%emt 0:00:26]} 8. f4 {[%emt 0:00:27]} b5 {[%emt 0:01:08]} 9. Nxc6 {[%emt 0:00:09]} dxc6 {[%emt 0:00:53]} 10. Qg4 {[%emt 0:00:12]} g6 {[%emt 0:02:11]} 11. Qh3 {[%emt 0:08:12]} f5 {[%emt 0:28:29]} 12. e5 {[%emt 0:15:37]} Bb7 {[%emt 0:06:29]} 13. Be2 {[%emt 0:09:19]} h5 {[%emt 0:03:49]} 14. Qg3 {[%emt 0:03:34]} Kf7 {[%emt 0:00:11]} 15. Qf2 {[%emt 0:05:39]} c5 {[%emt 0:00:31]} 16. Bf3 {[%emt 0:00:17]} Nh6 {[%emt 0:11:02]} 17. h3 {[%emt 0:01:04]} Rhd8 {[%emt 0:03:25]} 18. Bxb7 {[%emt 0:00:44]} Qxb7 {[%emt 0:00:03]} 19. O-O {[%emt 0:00:52]} Qc6 {[%emt 0:01:46]} 20. Rfd1 {[%emt 0:03:43]} Kg7 {[%emt 0:00:42]} 21. Ne2 {[%emt 0:09:37]} Nf7 {[%emt 0:11:46]} 22. c3 a5 {[%emt 0:08:32]} 23. b4 {[%emt 0:04:08]} axb4 24. axb4 {[%emt 0:00:08]} Rd3 {[%emt 0:02:36]} 25. Bxc5 {[%emt 0:03:37]} Bxc5 {[%emt 0:07:41]} 26. bxc5 {[%emt 0:00:07]} Qd5 {[%emt 0:00:39]} 27. Nd4 {[%emt 0:00:41]} Rxa1 {[%emt 0:03:03]} 28. Rxa1 {[%emt 0:00:01]} Rxc3 {[%emt 0:00:00]} 29. Ra6 {[%emt 0:01:25]} Nd8 {[%emt 0:02:11]} 30. Rd6 {[%emt 0:01:36]} 1-0